[Event "Muensterland Verbandsliga 0506"]
[Site "Germany"]
[Date "2006.02.18"]
[Round "7.7"]
[White "Kuhlenbaeumer, Alfred"]
[Black "Binger, Friedhelm"]
[Result "0-1"]
[WhiteElo "1842"]
[BlackElo "1818"]
[PlyCount "76"]
[EventDate "2005.08.27"]
[EventType "team-tourn"]
[EventRounds "9"]
[EventCountry "GER"]
[SourceTitle "EXT 2006"]
[Source "ChessBase"]
[SourceDate "2005.11.24"]
[SourceVersion "1"]
[SourceVersionDate "2005.11.24"]
[SourceQuality "1"]
[WhiteTeam "Telgte"]
[BlackTeam "Gronau"]
[WhiteTeamCountry "GER"]
[BlackTeamCountry "GER"]

1. e4 e5 2. Nf3 Nc6 3. Bc4 Bc5 4. 0-0 Nf6 5. c3 Nxe4 6. d4 exd4 7. cxd4 d5 8. Re1 Be7 9. Bb5 0-0 10. Bxc6 bxc6 11. Ne5 Bd6 12. f3 Bxe5 13. fxe4 Bd6 14. Nc3 Bb7 15. e5 Be7 16. Be3 Re8 17. Rf1 Qd7 18. Qf3 f6 19. Rad1 Rf8 20. Qg3 fxe5 21. dxe5 Rxf1+ 22. Kxf1 Qe6 23. Kg1 c5 24. Bc1 d4 25. Nb5 Qc6 26. Na3 Rf8 27. Nc4 Qe6 28. b3 Bd5 29. Nd2 Rf5 30. Nf3 Bxf3 31. gxf3 Qxe5 32. f4 Qd6 33. Qd3 Rf6 34. Rd2 Qxf4 35. Qc4+ Kf8 36. Rg2 Qd6 37. Qd3 Kg8 38. Qc4+ Qe6 0-1

[Event "Muensterland Verbandsklasse-A 0405"]
[Site "Muensterland"]
[Date "2005.03.19"]
[Round "8.6"]
[White "Binger, Friedhelm"]
[Black "Haas, Kai Markus"]
[Result "1-0"]
[WhiteElo "1848"]
[BlackElo "1955"]
[PlyCount "105"]
[EventDate "2004.09.11"]
[EventType "team-tourn"]
[EventRounds "9"]
[EventCountry "GER"]
[SourceTitle "EXT 2006"]
[Source "ChessBase"]
[SourceDate "2005.11.24"]
[SourceVersion "1"]
[SourceVersionDate "2005.11.24"]
[SourceQuality "1"]
[WhiteTeam "Gronau"]
[BlackTeam "Sendenhorst"]
[WhiteTeamCountry "GER"]
[BlackTeamCountry "GER"]

1. e4 d6 2. d4 Nd7 3. Nf3 g6 4. Bd3 Bg7 5. c3 e5 6. Be3 Ngf6 7. h3 Qe7 8. Nbd2 Nh5 9. Qc2 c6 10. g4 Nf4 11. Bxf4 exf4 12. 0-0-0 c5 13. Rde1 0-0 14. g5 cxd4 15. cxd4 Nb6 16. Kb1 Be6 17. h4 Rac8 18. Qd1 Bg4 19. Reg1 Bh5 20. Qb3 Rc7 21. Rc1 Rfc8 22. Rc2 Rxc2 23. Bxc2 Qc7 24. Bd3 Bg4 25. Qc2 Qxc2+ 26. Bxc2 Nc4 27. d5 Nxb2 28. Rg1 Bd7 29. Rc1 Na4 30. Bxa4 Rxc1+ 31. Kxc1 Bxa4 32. Nc4 Bf8 33. Na5 b6 34. Nc6 a5 35. Nfd4 h6 36. Ne2 hxg5 37. hxg5 f3 38. Nc3 b5 39. Nxa4 bxa4 40. Kd2 f6 41. Ke3 fxg5 42. Kxf3 Kf7 43. Kg4 Kf6 44. f3 Bh6 45. Nxa5 Ke7 46. Nc4 Kd7 47. Nb6+ Kc7 48. Nxa4 Bg7 49. Kxg5 Bd4 50. Kxg6 Kd7 51. Kf7 Kc7 52. Ke6 Be5 53. Nc5 1-0

[Event "Muensterland Verbandsklasse-A 0304"]
[Site "Germany"]
[Date "2003.12.13"]
[Round "4.6"]
[White "Binger, Friedhelm"]
[Black "Janz, Stefan"]
[Result "0-1"]
[WhiteElo "1837"]
[BlackElo "1796"]
[PlyCount "136"]
[EventDate "2003.09.20"]
[EventType "team-tourn"]
[EventRounds "9"]
[EventCountry "GER"]
[SourceTitle "EXT 2005"]
[Source "ChessBase"]
[SourceDate "2004.11.15"]
[SourceVersion "1"]
[SourceVersionDate "2004.11.15"]
[SourceQuality "1"]
[WhiteTeam "Gronau"]
[BlackTeam "Sendenhorst"]
[WhiteTeamCountry "GER"]
[BlackTeamCountry "GER"]

1. e4 c5 2. Nf3 e6 3. d4 cxd4 4. Nxd4 a6 5. Bd3 Qc7 6. Be3 Nc6 7. c3 Nf6 8. Nd2 Ne5 9. Be2 d6 10. f4 Nc6 11. 0-0 Be7 12. Bd3 Bd7 13. h3 g6 14. Qe2 h5 15. N2f3 e5 16. Nb3 exf4 17. Bxf4 Ne5 18. Nxe5 dxe5 19. Be3 Be6 20. Nd2 Rc8 21. Kh1 0-0 22. Rf3 Kg7 23. Qf2 Ng4 24. hxg4 hxg4 25. Rg3 Bh4 26. Qe1 Rh8 27. Kg1 Rh5 28. Bf2 Rch8 29. Re3 g3 30. Bxg3 Bxg3 31. Qxg3 Rh1+ 32. Kf2 Rxa1 33. Nf3 f6 34. Nd4 Qd7 35. Nxe6+ Qxe6 36. a3 Ra2 37. Re2 Qd7 38. Bc4 Ra1 39. Bd5 Rhh1 40. Ke3 Qd6 41. Rd2 Rae1+ 42. Kf3 Qc5 43. Kg4 Ref1 44. Qd3 f5+ 45. exf5 gxf5+ 46. Kg3 f4+ 47. Kg4 Qc8+ 48. Kg5 Qd8+ 49. Kf5 Qf6+ 50. Ke4 Re1+ 51. Kf3 Re3+ 52. Qxe3 fxe3+ 53. Kxe3 Re1+ 54. Kd3 Qf1+ 55. Kc2 Re2 56. Bxb7 Rxd2+ 57. Kxd2 e4 58. Bxe4 Qf2+ 59. Kd3 Qxb2 60. a4 Qa3 61. Bd5 Qxa4 62. c4 Kf6 63. Kd4 Qb4 64. Bc6 a5 65. Kd5 Ke7 66. c5 a4 67. Ba8 Qb8 68. Bc6 a3 0-1